Process modeling, simulation, and control for chemical engineers

Gardado en:
Detalles Bibliográficos
Autor Principal: Luyben, William L. (autor)
Formato: Libro
Idioma:inglés
Publicado: Nueva York McGraw-Hill 1990
Edición:2a. ed
Series:Chemical Engineering Series
Subjects:
Tags: Engadir etiqueta
Sen Etiquetas, Sexa o primeiro en etiquetar este rexistro!

MARC

LEADER 00000nam a2200000 a 4500
001 UCV7032
003 CL-VaPUC
008 910522e19900000US |||||||||||||||||eng|d
020 |a 0071007938 
082 0 4 |a 660.284  |b LUY  |2 21 
100 |a Luyben, William L.  |e autor  |9 581278 
245 1 0 |a Process modeling, simulation, and control for chemical engineers 
250 |a 2a. ed 
300 |a 725 p 
942 |c BK 
945 |d 19910522 00:00:00 
260 |a Nueva York  |b McGraw-Hill  |c 1990 
650 0 |a Procesos químicos  |9 259436 
650 0 |a Modelos matemáticos   |9 259437 
650 0 |a Proceso de datos   |9 259776 
650 0 |a Control de procesos químicos  |9 263098 
583 |a last modification  |c 19910522 00:00:00  |k Rodrigo Vera 
490 0 |a Chemical Engineering Series 
999 |c 212784  |d 212782 
952 |0 0  |1 0  |4 0  |6 660_284000000000000_LUY_1990  |7 0  |8 A  |9 194394  |a BIBING  |b BIBING  |d 2019-11-14  |i 2626004  |o 660.284 LUY 1990  |p 2626004  |r 2025-01-20  |w 2019-11-14  |y BK  |k EIQ 
952 |0 0  |1 0  |4 0  |6 660_284000000000000_LUY_1990  |7 0  |8 A  |9 194395  |a BIBING  |b BIBING  |d 2019-11-14  |i 4201663  |o 660.284 LUY 1990  |p 4201663  |r 2025-01-20  |w 2019-11-14  |y BK  |k EIQ 
952 |0 0  |1 0  |4 0  |6 660_284000000000000_LUY_1990  |7 0  |8 A  |9 194396  |a BIBING  |b BIBING  |d 2019-11-14  |i 4201655  |o 660.284 LUY 1990  |p 4201655  |r 2025-01-20  |w 2019-11-14  |y BK  |k EIQ 
952 |0 0  |1 0  |4 0  |6 660_284000000000000_LUY_1990  |7 0  |8 A  |9 194397  |a BIBING  |b BIBING  |d 2019-11-14  |i 4201647  |o 660.284 LUY 1990  |p 4201647  |r 2025-01-20  |w 2019-11-14  |y BK  |k EIQ 
952 |0 0  |1 0  |4 0  |6 660_284000000000000_LUY_1990  |7 0  |8 A  |9 194398  |a BIBING  |b BIBING  |d 2019-11-14  |i 4344200  |o 660.284 LUY 1990  |p 4344200  |r 2025-01-20  |w 2019-11-14  |y BK  |k EIQ 
952 |0 0  |1 0  |4 0  |6 660_284000000000000_LUY_1990  |7 0  |8 A  |9 194399  |a BIBING  |b BIBING  |d 2019-11-14  |i 4344219  |o 660.284 LUY 1990  |p 4344219  |r 2025-01-20  |w 2019-11-14  |y BK  |k EIQ